Алимовская ветвь; Томский политехник; Вып. 8

Bibliografiset tiedot
Parent link:Томский политехник: ежегодный журнал/ Томский политехнический университет (ТПУ), Ассоциация выпускников.— , 1995-
Вып. 8.— 2002.— [С. 128-130]
Päätekijä: Гапонов П. Павел
Yhteenveto:Заглавие с титульного листа
Электронная версия печатной публикации
Kieli:venäjä
englanti
Julkaistu: 2002
Sarja:Династии
Aiheet:
Linkit:Цветная версия без потери качества
Aineistotyyppi: Elektroninen Kirjan osa
KOHA link:https://koha.lib.tpu.ru/cgi-bin/koha/opac-detail.pl?biblionumber=198341

MARC

LEADER 00000nla2a2200000 4500
001 198341
005 20231031183949.0
035 |a (RuTPU)RU\TPU\book\216328 
035 |a RU\TPU\book\216324 
090 |a 198341 
100 |a 20110628d2002 km y0rusy50 ca 
101 0 |a rus  |a eng 
102 |a RU 
135 |a drnn ---uucaa 
181 0 |a i  
182 0 |a b 
200 1 |a Алимовская ветвь  |b Электронный ресурс  |d [Alimov's dynasty]  |f П. Гапонов 
203 |a Текст  |c электронный 
215 |a 1 файл (7.3 Мб) 
225 1 |a Династии 
230 |a Электронные текстовые данные (1 файл : 7.3 Мб) 
300 |a Заглавие с титульного листа 
300 |a Электронная версия печатной публикации 
337 |a Adobe Reader 
461 1 |0 (RuTPU)RU\TPU\book\202435  |t Томский политехник  |o ежегодный журнал  |f Томский политехнический университет (ТПУ), Ассоциация выпускников  |d 1995- 
463 1 |0 (RuTPU)RU\TPU\book\215843  |t Вып. 8  |v [С. 128-130]  |d 2002  |p 180 с. 
510 1 |a [Alimov's dynasty]  |z eng 
600 1 |a Алимов  |b О. Д.  |g Олег Дмитриевич  |f 1923-2003  |c специалист в области горного машиностроения  |c профессор Томского политехнического университета, доктор технических наук  |y Томск  |2 stltpush  |3 (RuTPU)RU\TPU\pers\8901 
610 1 |a профессора 
610 1 |a политехники 
610 1 |a персоналии 
610 1 |a российские ученые 
610 1 |a выпускники ТПУ 
610 1 |a механики 
610 1 |a биографии 
610 1 |a электронный ресурс 
700 1 |a Гапонов  |b П.  |g Павел 
801 1 |a RU  |b 63413507  |c 20101101 
801 2 |a RU  |b 63413507  |c 20161220  |g RCR 
856 4 |u http://www.lib.tpu.ru/fulltext/v/Tomsk_polytechnic/2002/N8a37_full.pdf  |z Цветная версия без потери качества 
942 |c CF